000 00483nam a22001697a 4500
005 20251108170749.0
008 250721s2003 xx 000 0 ara d
082 1 4 _a615.89/كشك
100 1 _aأبو كشك، خالد
245 1 0 _a322 وصفة للتداوي بالأعشاب /
264 1 _aعمان :
_bعالم الثقافة،
_c2003.
300 _a80ص
650 1 7 _aالأعشاب الطبية
650 1 7 _aالطب الشعبي
942 _2ddc
_cBK
999 _c48436
_d48436